[Event "Horgen SKA"]
[Site "Horgen"]
[Date "1994.??.??"]
[Round "5"]
[White "Schlosser, Philipp"]
[Black "Hickl, Joerg"]
[Result "1/2-1/2"]
[WhiteElo "2510"]
[BlackElo "2535"]
[Annotator "Stohl,I"]
[PlyCount "101"]
[EventDate "1994.09.??"]
[EventType "tourn"]
[EventRounds "11"]
[EventCountry "SUI"]
[EventCategory "10"]
[SourceTitle "CBM 043"]
[Source "ChessBase"]
[SourceDate "1994.12.01"]
[SourceVersion "1"]
[SourceVersionDate "1994.12.01"]
[SourceQuality "1"]

1. d4 d6 2. e4 g6 3. c4 e5 $5 4. d5 (4. dxe5 dxe5 5. Qxd8+ Kxd8 6. f4 $5 $13) (
4. Nf3 Bg7 5. Nc3 $14) 4... c5 5. Nc3 a6 (5... Bg7 6. Be2 Nf6 7. Be3 Na6 8. g4
$1 h5 9. g5 Nh7 10. h4 Nc7 11. a3 b6 12. Qd2 Bd7 13. Nf3 O-O 14. Rg1 Qe7 15.
Kd1 Rab8 16. b4 f5 17. gxf6 Rxf6 18. Ng5 Rf4 $6 19. Bxf4 exf4 20. bxc5 bxc5 21.
Rb1 $16 {Gretarsson,H-Rashkovsky,N/Reykjavik op/1994/}) (5... Bh6 6. Bxh6 Nxh6
7. Qd2 Ng4 $5 (7... Ng8 8. O-O-O Kf8 9. g3 Kg7 10. f4 Nd7 11. Nf3 Qe7 12. Bd3
Ngf6 13. Rdf1 h6 14. Rhg1 a6 15. f5 Nh5 16. h4 Kh7 17. g4 Nf4 18. Ne2 Nxe2+ 19.
Qxe2 b5 20. g5 h5 21. Nd2 $16 {(),Zsinka,L-Danner,G/Budapest/1988/}) 8. f3 Nf6
9. Bd3 Na6 10. Nge2 Nc7 11. O-O O-O 12. Ng3 Nce8 13. Be2 Qe7 {1/2:1/2,
Temirbaev,S-Rashkovsky,N/Kurgan/1993/}) 6. Bd3 h5 $1 {/\Bh6} (6... Bh6 7. Bxh6
Nxh6 8. Qd2 Ng8 9. f4 $5 exf4 10. Qxf4 Qe7 11. Nf3 $14) (6... Nd7 7. h3 Qe7 8.
Nf3 Bh6 (8... h5 $142 $5) 9. Bxh6 Nxh6 10. Qd2 Ng8 11. Ne2 f5 12. exf5 $1 e4
13. Bxe4 Qxe4 14. O-O Qxf5 15. Rae1 Kd8 16. Ng3 Qf8 17. Ng5 $40 {Alexeev,
V-Lanc,A/Katowice op/1992/}) 7. Nge2 (7. f4 exf4 8. Bxf4 Bg7 $13) 7... Bh6 8.
O-O Nd7 9. a3 Kf8 $1 10. b4 Kg7 $132 11. Rb1 Bxc1 12. Nxc1 Ngf6 13. Be2 (13.
bxc5 Nxc5 14. Nb3 Nxb3 15. Qxb3 Nd7 $10) 13... b6 (13... a5 $5 $10) 14. Nd3 Ra7
15. Qd2 Qe7 16. f3 (16. Rb2 $5 Rc7 17. bxc5 bxc5 18. Rfb1 $14) 16... Rc7 17.
bxc5 bxc5 18. Na4 Rb7 19. Qa5 (19. Rxb7 Bxb7 20. Rb1 Rb8 21. Qa5 Bc8 $10) 19...
Qd8 20. Qxd8 Rxd8 21. Kf2 h4 22. Rfc1 Nh5 {/\Nf4<=>} 23. g3 hxg3+ 24. hxg3 Nhf6
25. Ke3 Rc7 26. Rh1 (26. f4 $6 {><e4} exf4+ 27. gxf4 Re8 $36) 26... Nh5 27. Kf2
Rh8 $10 28. Nc3 (28. Nb6 Nhf6 29. Rxh8 Kxh8 30. Nxc8 Rxc8 31. Rb7 Rb8 $10)
28... Rb7 29. Rxb7 Bxb7 30. Rb1 Bc8 (30... Rb8 31. f4 $14) 31. f4 f6 $1 32. Kg2
exf4 33. gxf4 g5 34. fxg5 fxg5 35. Bxh5 Rxh5 36. a4 (36. e5 Nxe5 37. Nxe5 dxe5
38. Ne4 Rh4 $15) 36... Rh4 37. a5 Kf6 38. Rf1+ Ke7 $132 39. Rh1 $1 (39. Kg3 $6
Nf6 $36) 39... Rxh1 40. Kxh1 Kf6 {/\Ne5-/+} (40... Ne5 $6 41. Nxe5 dxe5 42. Kg2
$16 {ק}) 41. e5+ $1 $8 Nxe5 42. Ne4+ Ke7 43. Nxe5 dxe5 44. Nxc5 Bf5 $1 $8 (
44... Kd6 45. Ne4+ Kc7 46. Kg2 $16) 45. Nxa6 (45. Kg2 Kd6 46. Nxa6 Bd3 47. c5+
Kxd5 48. Nb4+ Kxc5 49. Nxd3+ Kb5 $10) 45... Bd3 46. Nb4 Bxc4 47. a6 Bxa6 $8 48.
Nxa6 Kd6 49. Nb4 e4 50. Kg2 g4 51. Kf2 (51. Kf2 Ke5 52. Ke2 g3 53. Ke3 Kd6 $10)
1/2-1/2

[Event "Olympiad-34"]
[Site "Istanbul"]
[Date "2000.11.05"]
[Round "8.4"]
[White "Bagirov, Rufat"]
[Black "Gelashvili, Tamaz"]
[Result "1-0"]
[WhiteElo "2471"]
[BlackElo "2519"]
[Annotator "Tsesarsky,I"]
[PlyCount "117"]
[EventDate "2000.10.28"]
[EventType "team-swiss"]
[EventRounds "14"]
[EventCountry "TUR"]
[SourceTitle "EXT 2001"]
[Source "ChessBase"]
[SourceDate "2000.11.22"]
[SourceVersion "1"]
[SourceVersionDate "2000.11.22"]
[SourceQuality "1"]
[WhiteTeam "Azerbaijan"]
[BlackTeam "Georgia"]
[WhiteTeamCountry "AZE"]
[BlackTeamCountry "GEO"]

1. d4 d6 2. c4 g6 3. Nc3 Bg7 4. e4 e5 5. d5 c5 {Here White has a lot of good
possibilities.} 6. dxc6 {rare move.} ({For example} 6. g3) (6. Be2 {etc. -
White has stable space advantage.}) 6... Nxc6 $6 $14 {[%csl Rd5]} ({I would
prefer} 6... bxc6 {[%csl Gd5]} 7. c5 (7. Nf3 Nf6 8. Be2 O-O 9. O-O Be6 $132)
7... dxc5 8. Qxd8+ Kxd8 9. Be3 Nd7 10. Na4 Bh6 (10... f5 11. O-O-O $14 {
1/2-1/2 O'Kelly-Hohler/Maspalomas tt 1973/ (22)}) 11. Bxh6 Nxh6 12. Rc1 Rb8 13.
b3 Rb4 14. f3 f6 15. Nxc5 Nxc5 16. Rxc5 Kc7 $132 {1-0 Pachman,L-Bogdanovic,R/
Sarajevo 1960/ (42)}) 7. Nb5 $1 {[%csl Rd6]} Nd4 8. Nxd4 exd4 9. Bd3 $14 {
[%csl Rd4,Rd6]} Ne7 10. Ne2 O-O 11. O-O a5 (11... Nc6 12. Qb3 $14) 12. Bg5 h6
13. Bh4 g5 14. Bg3 Ng6 $6 {[%csl Rf5]} ({Much better was} 14... f5 $1 $14 {
[%cal Gf8f5]}) 15. Qd2 h5 {[%csl Rg3][%cal Gh5h4] wrong plan, connected with K
weakening.} (15... Re8 $142 16. f4 $14) 16. f3 ({Or} 16. f4 gxf4 17. Nxf4 Bh6
18. Qe1 $14) 16... Be5 17. Bf2 {[%csl Rd4]} (17. Rad1 $14) 17... Qf6 18. Bc2 (
18. Rad1 Be6 19. b3 Nf4 20. Bg3 {[%csl Rd4]} Nxe2+ 21. Bxe2 a4 $14) 18... d3 $2
$16 {Black get rid of weakness d4, but opens lines for white pieces activity.
Don't forget - Black K is weakened.} (18... Be6 $1 $14) 19. Bxd3 Bxb2 20. Rab1
Be5 (20... Ba3 $144 21. Rb5 $16) 21. Be3 {[%csl Rb7,Rd6,Rg5][%cal Ge3g5]} Nf4
22. g3 ({Good also} 22. Nxf4 gxf4 23. Bf2 $16) 22... Nxd3 23. Qxd3 Qg6 ({Or} 
23... Bh3 24. Rf2 $16) 24. f4 gxf4 ({Or} 24... Bh8 25. f5 (25. Rb6 Ra6 26. Rb5
f5 27. fxg5 $16) 25... Qf6 26. Bd4 $16) 25. Nxf4 Bxf4 $2 $18 {After this move
White has strategically winning position because of black squares weakness in
the black K camp.} (25... Qg4 $142 26. Nd5 $16 {[%csl Rg8]}) 26. Rxf4 Re8 27.
Bd4 Bd7 (27... Ra6 28. Rb5 $18 {[%csl Ra6,Rg8][%cal Gh2h4]}) 28. Rxb7 Bc6 (
28... Be6 29. Bc3 $18 {[%csl Rg8][%cal Gd3d4]}) 29. Rbxf7 Qxf7 30. Rxf7 Kxf7
31. Qf3+ ({Immediately wins} 31. e5 $1 {[%csl Rf7][%cal Gd3h7]}) 31... Ke7 32.
c5 (32. Bf6+ Kd7 33. Qxh5 Bxe4 34. Qf7+ Kc6 35. h4 $18) 32... Kd7 33. Qf5+ Re6
34. cxd6 (34. Qf7+ Re7 35. Qxh5 $18) 34... Bxe4 35. Qf7+ Kxd6 36. Bc5+ Ke5 37.
Qxh5+ Kf6 38. Bd4+ Ke7 39. Qc5+ (39. h4 $18) 39... Kd7 40. Be5 (40. h4 $18)
40... Bc6 41. h4 Rd8 42. Bf4 (42. Qxa5 $18) 42... Kc8 (42... a4 43. h5 $18) 43.
Qa7 Rd1+ 44. Kf2 Kd8 45. Qxa5+ Kd7 46. Qf5 (46. h5 $18) 46... Rde1 47. Qd3+ Ke8
48. h5 R1e4 49. h6 Kf7 50. Qd1 Ra4 51. Qh5+ Ke7 52. a3 Rc4 (52... Rae4 53. h7
$18) 53. Qg5+ Kd7 54. Qf5 (54. h7 $18) 54... Rce4 55. g4 Re2+ 56. Kg3 Rg2+ 57.
Kh3 Be4 58. Qb5+ Ke7 59. h7 1-0

[Event "YUG-ch 56th"]
[Site "Herceg Novi"]
[Date "2001.03.25"]
[Round "3"]
[White "Blagojevic, Dragisa"]
[Black "Kosic, Dragan"]
[Result "1-0"]
[WhiteElo "2486"]
[BlackElo "2504"]
[Annotator "Tsesarsky,I"]
[PlyCount "73"]
[EventDate "2001.03.23"]
[EventType "tourn"]
[EventRounds "15"]
[EventCountry "YUG"]
[EventCategory "10"]
[SourceTitle "CBM 083"]
[Source "ChessBase"]
[SourceDate "2001.07.05"]
[SourceVersion "1"]
[SourceVersionDate "2001.07.05"]
[SourceQuality "1"]

1. d4 c5 2. d5 e5 3. e4 d6 4. Be2 Be7 5. Nf3 Nf6 6. Nc3 Nbd7 (6... O-O 7. O-O {
-mainline.}) 7. O-O Nf8 {[%cal Gf8g6]} 8. a4 $14 {White has stable space
advantage, his position is slightly better.} (8. Ne1 Ng6 9. g3 (9. Nd3 O-O 10.
a3 Nd7 11. b4 b6 12. g3 Bg5 13. Bxg5 Qxg5 $132 {1-0 Gomez Jurado,L-Lopez
Agustench,E/Mataro 1996/EXT 2001 (67)}) 9... Bh3 10. Ng2 h5 11. f4 exf4 12.
gxf4 a6 13. a4 Qd7 14. Bf3 O-O-O 15. b4 cxb4 16. Ne2 Ng4 17. Rb1 a5 18. c3 f5
19. cxb4 $16 {0-1 Braun,T-Salvermoser,B/Germany 1995/EXT 99/ (52)}) (8. Bb5+
N6d7 9. a4 Ng6 10. Re1 O-O 11. a5 Nb8 12. Bd3 Na6 13. Ne2 f5 14. exf5 Bxf5 15.
Bxf5 Rxf5 16. Ng3 Rf7 17. Ne4 $14 {1-0 Jelen,I-Coklin,M/SLO-chT 1995/EXT 98 
(40)}) 8... Ng6 9. g3 (9. Nd2 O-O (9... Nf4 10. Nc4 (10. Bb5+ $14) 10... Nxe2+
11. Qxe2 O-O 12. f4 exf4 13. Bxf4 Ne8 14. e5 $14 {1/2-1/2 Schlamp,R-Paehtz,T/
Germany 1998/EXT 99 (15)}) 10. Nc4 Bd7 11. Be3 Re8 12. g3 Bh3 13. Re1 Qd7 14.
f3 Rf8 15. Bf1 Nh5 16. Qd2 b6 17. Bxh3 Qxh3 18. Qg2 $14 {1-0 Fritze,B-Hahn,U/
Germany 1992/EXT 97-B (71)}) (9. Re1 O-O 10. g3 h6 11. Nd2 Bh3 12. Nc4 Qd7 13.
Bf1 Bxf1 14. Rxf1 Rfe8 15. b3 (15. Ne3 Bd8 16. a5 Nh7 17. Nf5 Ne7 18. Nxe7+
Bxe7 19. Qh5 Bg5 $11 {1-0 Alvarez,J-Vescovi,G/Isla Margarita 1998/EXT 2000 (29)
}) 15... Bd8 16. Qf3 $14) 9... O-O 10. Nd2 {[%cal Gd2c4]} Ne8 {[%cal Gf7f5]}
11. Nc4 Bh3 12. Re1 f5 13. exf5 Bxf5 14. Bg4 {Light-squares BB exchange is in
White's favour.} Qd7 15. Ne3 Bxg4 16. Qxg4 Qd8 (16... Qxg4 17. Nxg4 $14) 17.
Nc4 Nf6 18. Qh3 Rf7 19. Bg5 Ne8 ({I think, both sides saw} 19... Nxd5 $5 {
White has here choice between two approximately equal continuations, both of
them in White's favour:} {1.} 20. Bxe7 ({2.} 20. Nxd5 Bxg5 21. Rad1 Qd7 22. Qh5
Bd8 23. Nc3 Bc7 24. Ne4 Re7 25. Ncxd6 Bxd6 26. Rxd6 Qxa4 27. Ng5 Nf8 28. Qd1 {
[%cal Gd1d5] threatening Qd5+} Kh8 29. Rxe5 $14) 20... Ndxe7 21. Ne4 {[%csl
Rd6][%cal Ge4g5,Gc4d6,Ge4d6]} Nf5 22. Red1 $1 (22. Rad1 $143 Nd4 23. Ncxd6 Nf3+
24. Kh1 Nxe1 25. Qe6 Qd7 26. Qxf7+ Qxf7 27. Nxf7 Nxc2 28. Rd7 b6 29. h4 ({
White can drew the game by force:} 29. Nh6+ gxh6 (29... Kf8 30. Rf7+ Ke8 31.
Rxg7 $18) (29... Kh8 30. Nf5 Nd4 31. Nxg7 $14) 30. Nf6+ Kf8 31. Nxh7+ Ke8 32.
Nf6+ Kf8 33. Nh7+ $11) 29... Nf8 30. Rc7 Nd4 $44) 22... d5 23. c3 $1 Nd4 24.
cxd4 cxd4 25. Ncd6 Re7 26. Nf5 dxe4 27. Nxe7+ Qxe7 28. Qf5 $16 {[%csl Re4]})
20. Bxe7 Nxe7 21. Ne4 Nf5 22. c3 {[%csl Gc4,Rd4,Ge4][%cal Gf5d4] Despite
dark-squares BB exchange White keeps advantage, white NN c4 and e4 placed
excelent.} g6 $6 $16 {Not necessary weakening.} (22... h6 $142 $1 $14) 23. Rf1
{[%cal Gf2f4] preparing f2-f4.} Rc8 ({or} 23... Nf6 24. Ng5 Re7 25. g4 Ng7 26.
f4 e4 27. f5 $16 {[%cal Gg5e6]}) ({or} 23... Qe7 24. Rae1 Nc7 25. f4 Nxd5 26.
Ned2 Nc7 27. fxe5 d5 28. g4 dxc4 29. gxf5 Qg5+ 30. Qg2 Qxg2+ 31. Kxg2 Rxf5 32.
Rxf5 gxf5 33. Nxc4 $16) 24. f4 exf4 25. Rxf4 Rcc7 $2 $18 {After this mistake
position of Black became hopeless.} ({More stubborn was} 25... h5 26. Raf1 Qe7
27. g4 hxg4 28. Rxg4 Rg7 29. Ng3 (29. Ng5 Nf6) 29... Nf6 30. Nxf5 gxf5 31. Rg3
Ne4 32. Qxf5 Rf8 33. Qxf8+ Qxf8 34. Rxf8+ Kxf8 35. Rxg7 Kxg7 36. Kg2 $16) 26.
Raf1 h5 27. g4 hxg4 28. Rxg4 ({Or} 28. Qxg4 Rg7 29. Ng5 $18) 28... Rg7 29. Ng5
Rce7 30. Ne6 Rxe6 31. dxe6 Qe7 32. Ne3 Qxe6 33. Rg3 (33. Nxf5 gxf5 34. Rg2 $18)
33... Qe5 34. Nxf5 gxf5 35. Rxf5 Qe3+ 36. Rf2 Qe1+ 37. Qf1 1-0

[Event "ISR-chT"]
[Site "Israel"]
[Date "1998.04.08"]
[Round "9"]
[White "Tyomkin, Dimitri"]
[Black "Malisov, Boris"]
[Result "1-0"]
[WhiteElo "2440"]
[BlackElo "2340"]
[Annotator "Tyomkin,D"]
[PlyCount "59"]
[EventDate "1998.01.15"]
[EventType "team-tourn"]
[EventRounds "10"]
[EventCountry "ISR"]
[SourceTitle "CBM 064"]
[Source "ChessBase"]
[SourceDate "1998.06.02"]
[SourceVersion "1"]
[SourceVersionDate "1998.06.02"]
[SourceQuality "1"]

1. d4 c5 2. d5 d6 3. c4 e5 4. Nc3 g6 5. e4 Bh6 $5 {the semilar idea with 4...
Be7;5.e4 Bg5} 6. Bxh6 Nxh6 7. Qd2 {white wins a couple of tempos because of
dubious place of the N} Ng4 8. Bd3 $5 $146 (8. h4 h5 9. Bd3 Kf8 10. f3 Nh6 11.
O-O-O Nd7 12. Rf1 Kg7 13. Nh3 a6 14. Nf2 Nf6 15. Be2 Bd7 16. Rfg1 Nh7 17. g4
hxg4 18. fxg4 g5 $13 {Vyzhmanavin,A-Vasiukov,E/Moscow-ch 1981/1/2-1/2(53)}) (8.
g3 Na6 9. Bh3 Nc7 10. f3 Nf6 11. Bxc8 Rxc8 12. Nge2 a6 13. a4 $11 {Griaznyh
I-Frog I/Memorial A.Alekhine (open), Moscow (Rus 1996/0-1 (36)}) (8. h3 Nf6 9.
Bd3 Nbd7 10. Qh6 (10. Nge2 $6 h5 $5 {[%cal Gh5h4]}) 10... a6 11. Nge2 Ng8 12.
Qe3 Qh4 $6 13. a3 Qh6 14. Qxh6 Nxh6 15. b4 $16 {1-0 Priehoda,V-Sarkosy,L/
CSR-ch Bratislava 1991 (31)}) (8. f3 Nf6 9. Bd3 Na6 10. Nge2 Nc7 11. O-O O-O
12. Ng3 Nce8 13. Be2 Qe7 {1/2-1/2 Temirbaev,S-Rashkovsky,N/Kurgan 1993}) 8...
O-O 9. f3 Nf6 10. Nge2 {[%cal Gh2h4]} Nh5 11. h4 (11. O-O-O Qh4 $5 (11... f5)
12. g3 Qh3 $13) 11... Nd7 $6 (11... Qf6 $142 12. Qg5 $5 (12. g4 $2 Qxf3) 12...
a6 $13 (12... Nd7 $140 13. Nb5 {[%csl Rd6]})) (11... f5 12. exf5 gxf5 13. Qg5+
Ng7 (13... Qxg5 $2 14. hxg5 Ng7 15. Nb5 {[%csl Rd6]} Ne8 16. Rh6) 14. Qxd8 Rxd8
15. Nb5 (15. h5 {[%cal Yg2g4,Yc3b5]}) 15... Na6 16. h5 h6 17. a3 $14) 12. g4
$16 Nf4 (12... Ng7 13. a3 $16 {[%cal Gb2b4]} (13. h5 $5 g5 14. h6 Ne8 15. Ng3))
13. Nxf4 exf4 14. Qxf4 Ne5 15. Be2 Bd7 16. Qg3 $1 {[%csl Re5][%cal Rf3f4]} Qb6
$1 17. O-O-O $1 (17. f4 $5 Nxg4 $1 18. h5 (18. Bxg4 Bxg4 19. Qxg4 Qxb2)) 17...
Qb4 18. f4 Nxc4 19. Bxc4 Qxc4 20. h5 Rae8 $6 (20... g5 21. fxg5 b5 22. Qf4 $1 {
[%cal Gf4f6,Gh5h6]} b4 (22... f6 23. gxf6 {[%cal Rf4g5]} Rf7 24. g5 {[%cal
Rg5g6]} Raf8 25. g6 (25. Kd2 $18) 25... Rxf6 26. Qh6 $18) 23. Qf6 bxc3 24. h6
cxb2+ 25. Kxb2 $1 Rfb8+ 26. Ka1 Kf8 27. g6 $1 $18) 21. Qh4 $18 f6 22. hxg6 Re7
23. g5 $1 f5 $8 24. gxh7+ Kh8 25. Qh6 Rg7 26. Qxd6 Re8 27. Rh6 $1 {[%cal Rh6f6,
Rf6f8]} fxe4 28. Rf6 Kxh7 (28... Rge7 29. Rf8+ $1) (28... Bh3 29. Rf8+ Rxf8 30.
Qxf8+ Kxh7 31. Rh1 Qd3 32. Qf5+) 29. Rh1+ Kg8 30. Rfh6 1-0

[Event "RUS-Cup5"]
[Site "Ekaterinburg"]
[Date "1997.??.??"]
[Round "9"]
[White "Yakovich, Yuri"]
[Black "Rashkovsky, Nukhim N"]
[Result "1-0"]
[WhiteElo "2575"]
[BlackElo "2525"]
[Annotator "Yakovich,Y"]
[PlyCount "83"]
[EventDate "1997.02.13"]
[EventType "swiss"]
[EventRounds "9"]
[EventCountry "RUS"]
[SourceTitle "CBM 057 Extra"]
[Source "ChessBase"]
[SourceDate "1997.05.01"]
[SourceVersion "1"]
[SourceVersionDate "1997.05.01"]
[SourceQuality "1"]

1. d4 c5 2. d5 e5 3. e4 (3. Nc3 d6 4. e4 Be7 5. Nf3 Bg4 6. h3 (6. Be2 Bxf3 7.
Bxf3 Bg5 8. Bxg5 Qxg5 9. a4 Nh6 10. Ra3 O-O 11. Qd2 Qe7 12. O-O Nd7 13. Be2 Kh8
14. Bb5 Rad8 15. Re1 Qh4 16. Bf1 f5 17. exf5 Nxf5 18. Ne4 Nd4 19. c3 Nf5 20.
Qg5 Qxg5 21. Nxg5 Rc8 22. Bd3 Nb6 23. Bxf5 Rxf5 24. Ne4 Rd8 25. Rd1 h6 26. a5
Nc8 27. b4 Rf4 28. f3 c4 29. b5 Rf7 30. Ra4 Rc7 31. Rb1 Ne7 32. b6 Rcc8 33.
bxa7 Nxd5 34. Rd1 Nf6 35. Nxd6 {1-0; Jansson-Jacobsen/Siegen ol/1970/}) 6...
Bxf3 7. Qxf3 Bg5 8. Bxg5 (8. Bb5+ $6 Kf8 9. Bxg5 Qxg5 10. h4 Qe7 11. Be2 h5 12.
a4 g6 13. g3 Kg7 14. O-O Nh6 15. Nd1 Nd7 16. Ne3 Raf8 17. a5 f5 $15 18. exf5 e4
19. Qg2 Nxf5 20. Nxf5+ Rxf5 21. a6 b6 22. g4 hxg4 23. Bxg4 Rf4 24. Rae1 Ne5 25.
Rxe4 Rxe4 26. Qxe4 Qxh4 27. Bf3 Rf8 28. Bh1 Ng4 29. Qg2 Rf3 30. c4 Kh6 {
0-1; Podgaets,M-Dvorietzky,M/URS-FL Odessa/1974/}) 8... Qxg5 9. Nb5 Qd8 10. Qg4
Kf8 $1 (10... Nf6 $6 11. Qxg7 Rg8 12. Qh6 a6 13. Nc7+ Qxc7 14. Qxf6 Qa5+ 15. c3
Nd7 16. Qf5 Qa4 17. Be2 Rg7 18. O-O Ke7 {Ciocaltea ECO A/44,49} 19. Bg4 $1 $16
{Donaldson Akhmilovskaya,E und Miles,A} Nf6 20. f4 $1) (10... g6 $2 11. Nxd6+
$1 Qxd6 12. Qc8+ Qd8 13. Bb5+ $18) 11. Nxd6 Nf6 12. Qc8 Qxc8 13. Nxc8 Nxe4 14.
Bd3 Nd7 $1 {N} (14... Nf6 15. Nd6 b6 16. O-O-O {+/- Ciocaltea ECO A44/10,49}
Nbd7 17. Bb5 g6 18. Rhe1 Rd8 19. Nc4 Kg7 20. Nxe5 Nxe5 21. Rxe5 Rd6 22. c4 a6
23. Bc6 Rb8 24. Rd3 Ng8 25. Ra3 a5 26. g4 Kf8 27. Rae3 Rdd8 28. Kc2 f6 29. Re6
Nh6 30. Re7 Nf7 31. Ra7 Ne5 32. Bb5 g5 33. Rxh7 Kg8 34. Ra7 Ra8 35. Re7 Rd6 36.
Kc3 Rf8 37. Re4 Rf7 38. Rxf7 Kxf7 39. f4) 15. Bxe4 Rxc8 16. d6 {16.0-0-0 +/=;
Hort Inf.8/60} b6 (16... Nf6 {!; Miles} 17. Bxb7 Rb8 18. Bf3 e4 19. Be2 {
19.Bc6!? Miles} Rxb2 20. O-O-O {Miles,A-Gheorghiu,F/Ostende op/1986/1-0/54/ ->
Inf.42/57} Rxa2 $5 (20... Rb6 21. g4 g6 22. g5 Nd7 23. a4 Kg7 24. Bb5 Rd8 25.
Rd5 $14 {Miles,A-Gheorghiu,F/Oostende/1986/}) 21. Kb1 Ra4 22. c3 $44 {Miles})
17. O-O-O g6 18. g4 (18. Rhe1 $146 Kg7 (18... f5 $6 19. Bb7 Rd8 20. Bc6 e4 21.
f3 $36) 19. Bb7 Rcd8 20. Bc6 Rhe8 21. Bb5 (21. Re3 Re6 22. Ra3 Nb8 $15) 21...
f5 22. Re3 Re6 23. Bc4 Rf6 24. f3 (24. Ra3 a5 25. Rb3 e4 $15 {/\Ne5}) 24... a5
25. Rd5 (25. Rb3 e4 26. fxe4 fxe4 27. Re3 Ne5 28. Bb5 Rfxd6 29. Rxd6 Rxd6 30.
Rxe4 Kf6 $10) 25... Re6 26. Rd2 Rf6 27. Re1 (27. Bb5 Re6 28. Rd5 Kf6 $10) 27...
h5 28. h4 (28. c3 h4 $5 {/\Kh6-g5-f4<=>}) 28... Kh6 29. c3 (29. b3 {
/\Kb2-a3-a4-b5} g5 30. hxg5+ Kxg5 31. Kb2 Kf4 32. Rh1 Nf8 $10) 29... g5 30.
hxg5+ Kxg5 31. Kc2 e4 $1 $15 32. fxe4 Ne5 33. Bb5 Rfxd6 34. Rxd6 Rxd6 35. exf5
Kxf5 36. Rf1+ Kg5 37. Re1 Ng4 38. Re2 Kf4 {><g2} 39. Be8 c4 40. b3 Ne3+ 41. Kb2
h4 42. Bf7 b5 43. Rf2+ Kg4 44. Re2 Rd3 45. bxc4 Nxc4+ 46. Kc2 Rd8 {Dyachkov,
S-Malakhov,V/RUS-chJ Moscow 1995/1/2-1/2 (61)}) 18... Kg7 19. h4 Rhe8 20. Rh3
Re6 21. Ra3 a5 22. Rb3 Rd8 23. f3 Rf6 24. a4 Rf4 25. Bc6 Rb4 26. Rxb4 cxb4 27.
Rd5 Kf6 28. Rb5 Nc5 29. d7 Nxa4 30. b3 Nc5 31. Rxb6 {(46, ru)} Ke7 32. Rb5 Kd6
33. Be4 Rxd7 34. Rxa5 f5 $1 35. gxf5 gxf5 36. Bxf5 Rf7 37. Be4 Nxe4 38. fxe4
Rf4 39. Ra6+ Kc5 40. Rh6 Rxe4 41. Rxh7 Re2 42. Rc7+ Kd4 43. Rc4+ Ke3 44. Rxb4
e4 45. Rb8 Rh2 46. b4 Kd4 47. b5 Kc5 {1/2-1/2 Akhmilovskaya,E-Gheorghiu,F/New
York op 1989}) 3... d6 4. Nc3 a6 (4... Be7 5. Nf3 Bg4 6. h3 Bxf3 7. Qxf3 Bg5 8.
Bxg5 Qxg5 9. Nb5 Qd8 10. Qg4 Kf8 11. Nxd6 Nf6 12. Qc8 Qxc8 13. Nxc8 Nxe4 14.
Bd3 Nd7 15. Bxe4 Rxc8 16. d6 Rb8 $6 (16... b6 17. Bf5 Rd8 18. O-O-O g6 19. Bxd7
Rxd7 20. Rhe1 f6 21. f4 Kf7 22. fxe5 Re8 $10) 17. Bf5 Nf6 $2 (17... Rd8 18.
O-O-O f6 19. Be6 g6 20. Rhe1 Kg7 21. f4 Rhe8 22. Bxd7 Rxd7 23. Rd5 $10) 18.
O-O-O g6 19. Bd3 e4 (19... Rd8 20. Rhe1 Rxd6 21. Rxe5 b6 22. Rde1 Rd7 23. Bb5
Rc7 24. g4 $16) 20. Bc4 Kg7 (20... b5 21. Bd5 Kg7 22. Rhe1 Rb6 23. Bxe4 Rd8 24.
Bf3 Rbxd6 25. Rxd6 Rxd6 26. Re7 a6 27. Rc7 $14) 21. Rhe1 Rhd8 (21... b5 $5 22.
Bd5 Rb6 23. Bxe4 Re8 24. d7 Rd8 25. Bf3 Rxd7 26. Rxd7 Nxd7 27. Re7 Rd6 28. Bg4
$14) 22. a4 a6 23. a5 b5 (23... Rd7 24. f3 exf3 25. gxf3 Rbd8 26. Re7 $16) 24.
axb6 Rxb6 25. d7 a5 $2 (25... Rb7 26. Bxa6 Rbxd7 27. Rxd7 Rxd7 28. Bc4 $14) 26.
f3 Rb4 27. b3 exf3 28. gxf3 Rb7 29. Re5 (29. Re7 $2 Rdxd7 $15) 29... Rbxd7 30.
Rxd7 Rxd7 (30... Nxd7 31. Rd5 Kf6 32. Bb5 Ke7 33. Bxd7 Rxd7 34. Rxc5 $16) 31.
Rxc5 Ra7 {Shneider,A-Ivanovic,B/JUG-chT Tivat 1995/1-0 (62)}) 5. Nf3 $1 (5. a4
Be7 6. Nf3 Bg4 7. h3 Bxf3 8. Qxf3 Bg5 $13) 5... b5 (5... Bg4 6. h3 Bxf3 7. Qxf3
g6 8. h4 Bh6 9. Bxh6 Nxh6 10. g3 O-O 11. Bh3 b5 12. O-O-O f5 13. h5 b4 14. Na4
fxe4 15. Qxe4 g5 16. f3 Ra7 17. b3 Nd7 18. Kb1 a5 19. Rdf1 Nf6 20. Qe3 Rg7 21.
Be6+ Kh8 22. Nb2 Ne8 23. f4 Qf6 24. Nd3 exf4 25. gxf4 g4 26. f5 Nc7 27. Nf4 Rg5
28. Ng6+ Kg7 29. Nxf8 Kxf8 30. Qd3 {Gulko,B-Arbakov,V/Moscow-ch 1981/1-0 (40)})
6. a4 b4 7. Nb1 Nf6 8. Nbd2 g6 9. Bd3 Bg7 10. Nc4 O-O 11. Bg5 $1 h6 (11... Qc7
12. Qc1 $16) 12. Bh4 Qc7 (12... g5 13. Bg3 Nxe4 14. Bxe4 f5 15. Nfd2 $16) 13.
Bxf6 $1 (13. O-O Nh5 14. Nfd2 Nf4 $13) 13... Bxf6 14. a5 Bg7 15. O-O Nd7 16. c3
Rb8 17. Qa4 $1 {/\ Qc6} Bb7 18. Nfd2 (18. cxb4 $6 cxb4 19. Qxb4 Nc5) 18... f5
19. Rfc1 Ba8 20. Ne3 $1 f4 21. Nc2 $5 (21. Nec4 $16) 21... f3 $1 22. g3 (22.
Nxf3 $2 c4 23. Be2 Nc5 $19) (22. cxb4 fxg2 $13) 22... c4 23. Bxc4 Nc5 24. Qa2
b3 25. Bxb3 Nxb3 (25... Qd7 26. Bc4 $18) (25... h5 26. Bc4 $1 Bh6 27. Ne3 $18)
(25... Nd3 26. Rcb1 $5 Qd7 27. Ne3 $1 (27. Bc4 Qh3 28. Ne3 Nxf2 29. Bf1 Qh5)
27... Qh3 28. Bd1 Nxf2 29. Bxf3) 26. Nxb3 $138 Qc4 $138 27. Nd2 Qd3 28. Nf1
Qxe4 29. Nce3 g5 30. b4 Qg6 31. Qc4 $1 Bb7 32. Nd2 $18 h5 33. Qe4 Qf6 34. c4 g4
35. c5 Bc8 36. Rab1 Bh6 37. Ndc4 Bf5 38. Qxf5 Qxf5 39. Nxf5 Bxc1 40. Ne7+ Kg7 (
40... Kf7 41. Nc6) 41. Rxc1 Rxb4 42. Nc6 1-0